Wales - Statistics

General Stats
  • This quiz has been taken 515 times
  • The average score is 9 of 15
Answer Stats
Hint Answer % Correct
Native language Welsh
99%
Captial City Cardiff
98%
Football team in the Premier League Cardiff City
98%
Translate "Cymru" to English Wales
94%
Highest mountain Snowdon
89%
Most common surname Jones
88%
Football team in the Premier League Swansea City
84%
The only Welsh person to have become British Prime Minister David Lloyd George
45%
First Minister Carwyn Jones
44%
Last native Welshman to hold the title Prince of Wales Owain Glyndwr
36%
Plaid Cymru leader Leanne Wood
27%
Cofis are from which town? Caernarfon
24%
Which English king built Caernarfon Castle? Edward I
21%
Leader of the Opposition Andrew R.T. Davies
10%
Liberal Democrats leader Kirsty Williams
10%
No matching quizzes found
Score Distribution
Percent of People with Each Score
Percentile by Number Answered
Your Score History
You have not taken this quiz